Women and human rights (Record no. 174091)
[ view plain ]
| 000 -LEADER | |
|---|---|
| fixed length control field | 00743nam a2200229Ia 4500 |
| 003 - CONTROL NUMBER IDENTIFIER | |
| control field | OSt |
| 005 - DATE AND TIME OF LATEST TRANSACTION | |
| control field | 20250826120930.0 |
| 008 - FIXED-LENGTH DATA ELEMENTS--GENERAL INFORMATION | |
| fixed length control field | 210423s2005 xx 000 0 und d |
| 020 ## - INTERNATIONAL STANDARD BOOK NUMBER | |
| International Standard Book Number | 9788171419771 |
| 040 ## - CATALOGING SOURCE | |
| Transcribing agency | AL |
| 041 ## - LANGUAGE CODE | |
| Language code of text/sound track or separate title | English |
| 082 ## - DEWEY DECIMAL CLASSIFICATION NUMBER | |
| Classification number | 323 |
| Item number | NARW |
| 100 ## - MAIN ENTRY--PERSONAL NAME | |
| Personal name | Lakshmi M Narasaiah |
| 9 (RLIN) | 122871 |
| 245 ## - TITLE STATEMENT | |
| Title | Women and human rights |
| 260 ## - PUBLICATION, DISTRIBUTION, ETC. | |
| Place of publication, distribution, etc. | New Delhi |
| Name of publisher, distributor, etc. | Discovery Publishing House |
| Date of publication, distribution, etc. | 2005 |
| 300 ## - PHYSICAL DESCRIPTION | |
| Extent | v,132P. |
| Other physical details | HB |
| Dimensions | 22x14.8cm. |
| 365 ## - TRADE PRICE | |
| Price amount | 350 |
| Currency code | INR |
| 520 ## - SUMMARY, ETC. | |
| Summary, etc. | Promotion of women; Women and poverty; Equal opportunities women in the community; Women in authority; Lightening the load for women |
| 650 ## - SUBJECT ADDED ENTRY--TOPICAL TERM | |
| Topical term or geographic name entry element | Civil & Political Rights |
| 9 (RLIN) | 122872 |
| Source of heading or term | Political Science |
| 906 ## - LOCAL DATA ELEMENT F, LDF (RLIN) | |
| a | human ; rights ; Women |
| 942 ## - ADDED ENTRY ELEMENTS (KOHA) | |
| Source of classification or shelving scheme | Dewey Decimal Classification |
| Koha item type | Book |
| Withdrawn status | Lost status | Damaged status | Not for loan | Collection code | Home library | Current library | Date acquired | Source of acquisition | Cost, normal purchase price | Total Checkouts | Full call number | Barcode | Date last seen | Date last checked out | Price effective from | Koha item type |
|---|---|---|---|---|---|---|---|---|---|---|---|---|---|---|---|---|
| MSW | St Aloysius PG Library | St Aloysius PG Library | 08/24/2005 | Alka Prakashan | 350.00 | 1 | 323 NARW | PG020756 | 09/19/2022 | 09/16/2022 | 04/26/2021 | Book |